=LDR 00000nam 2200000 4500 =001 INLIS000000000007035 =005 20200313031321 =035 ##$$a 0010-061300000007035 =008 200313################g##########0#ind## =041 ##$$a Ind =082 ##$$a 297 =090 ##$$a 297, Akb m =100 ##$$a Akbar, Ali H =245 1#$$a Merawat cinta kasih /$c DR. H. Ali Akbar =260 ##$$a Jakarta :$b Pustaka Antara,$c 1991 =300 ##$$a 205 hlm ; $c 19 x 14 cm =650 #4$$a Islam =850 ##$$a NBPNMAT =084 ##$$a 297 AKB m =990 ##$$a 45.708/Pro-92 =990 ##$$a DW00025242